00437nam a2200181Ia 4500003000400000005001700004008004100021040000700062041000800069082002100077100001600098245004500114250000600159260003900165365001300204650002400217650001400241OSt20230506163807.0210423s1998 xx 000 0 und d cAL aeng a306.2 223bKHAC aKHARE (R S) aCultural diversity and social discontent a1 aNew DelhibSage Publicationsc1998 b425cINR aPolitical Sociology aSociology